WYMIEŃ NAJWIĘKSZE MIASTA W AZJI: - Statystyki

Ogólne statystyki
  • Ten quiz został rozwiązany 16 razy
  • Średni wynik to 3 z 6
Statystyki odpowiedzi
Odpowiedź % Poprawnych
PEKIN
93%
DELHI
64%
SZANGHAJ
57%
BOMBAJ
29%
MOSKWA
29%
TOKYO
7%
Nie znaleziono quizów pasujących do podanych kryteriów
Rozkład punktacji
Procent ludzi z każdym wynikiem
Percentyl według liczby udzielonych odpowiedzi
Twoja historia wyników
Nie rozwiązałeś tego quizu